000 00481nam a22001817a 4500
005 20260421123638.0
008 260421b |||||||| |||| 00| 0 eng d
020 _a978-0-07-802410-8
082 _a658.5
_bSTE-O
100 _aStevenson, William J
245 _aOperations Management
250 _a12th Ed
260 _aNew York, NY
_bMcGraw-Hill Education
_c2015
300 _a940 p.
500 _aIncludes Index.
650 _aBusiness and Management Sciences
942 _cBK
999 _c47364
_d47364